[Event "Deutsche Ländermeisterschaft 2015"]
[Site "Hannover GER"]
[Date "2015.10.05"]
[Round "4"]
[White "Urban, Konstantin"]
[Black "Ruff, Maximilian"]
[Result "1/2-1/2"]
[Termination "normal"]
[Board "3.2"]
[BlackTitle "FM"]
[WhiteElo "2182"]
[BlackElo "2318"]
[WhiteClock "00:16:47"]
[BlackClock "00:12:08"]
[WhiteTeam "Sachsen"]
[BlackTeam "Baden 1"]
[PlyCount "52"]
[WhiteFideId "12927511"]
[BlackFideId "1271670"]
[EventCountry "GER"]
[EventRounds "7"]
[EventType "team-swiss"]
[EventDate "2015.10.02"]

1. d4 Nf6 2. c4 e6 3. g3 d5 4. Nf3 c6 5. Bg2 Nbd7 6. Nbd2 Be7 7. O-O O-O 8. Qc2
b6 9. b3 Ba6 10. e4 Rc8 11. Rd1 c5 12. exd5 exd5 13. a4 Qc7 14. Ba3 Rfe8 15.
Rac1 dxc4 16. Nxc4 cxd4 17. Bxe7 Rxe7 18. Nxd4 Bxc4 19. Nc6 Ree8 20. Qxc4 Nc5
21. Re1 a5 22. Rxe8+ Rxe8 23. b4 axb4 24. Nxb4 Qa7 25. Nd5 Nxd5 26. Bxd5 Re7
1/2-1/2

[Event "Deutsche Ländermeisterschaft 2015"]
[Site "Hannover GER"]
[Date "2015.10.05"]
[Round "4"]
[White "Gschnitzer, Adrian"]
[Black "Herbrig, Alexander"]
[Result "1-0"]
[Termination "normal"]
[Board "3.3"]
[WhiteElo "2116"]
[BlackElo "2017"]
[WhiteClock "00:29:54"]
[BlackClock "00:16:42"]
[WhiteTeam "Baden 1"]
[BlackTeam "Sachsen"]
[PlyCount "107"]
[WhiteFideId "1270337"]
[BlackFideId "12952044"]
[EventCountry "GER"]
[EventRounds "7"]
[EventType "team-swiss"]
[EventDate "2015.10.02"]

1. e4 c5 2. Nf3 d6 3. d4 cxd4 4. Nxd4 Nf6 5. Nc3 a6 6. Bc4 e6 7. Bb3 Nbd7 8.
Bg5 Nc5 9. Qf3 Be7 10. O-O-O Qc7 11. Rhe1 O-O 12. Qg3 Nxb3+ 13. Nxb3 Rd8 14. f4
Ne8 15. e5 Bxg5 16. Qxg5 Bd7 17. Ne4 Rac8 18. Rd2 dxe5 19. fxe5 Bb5 20. Red1
Rd5 21. Qg3 Qxe5 22. Rxd5 Qxg3 23. Nxg3 exd5 24. Nf5 Kf8 25. Rxd5 Nf6 26. Rc5
Rxc5 27. Nxc5 Bc6 28. Ne3 g6 29. g3 h5 30. Kd2 Ke7 31. Kc3 Kd6 32. Kd4 Ng4 33.
Nc4+ Kc7 34. h4 Nh6 35. Ke5 Nf5 36. Kf6 Bd5 37. Ne5 Kd6 38. b4 Nh6 39. c4 Ng8+
40. Kg7 Ne7 41. Nxf7+ Bxf7 42. Nxb7+ Kc7 43. Kxf7 Nc6 44. Nc5 Nxb4 45. a3 Nc6
46. Nxa6+ Kd6 47. Kxg6 Ne5+ 48. Kxh5 Nxc4 49. Kg6 Nxa3 50. h5 Nc4 51. h6 Ne5+
52. Kg7 Ke7 53. h7 Nf7 54. Nc7 1-0

[Event "Deutsche Ländermeisterschaft 2015"]
[Site "Hannover GER"]
[Date "2015.10.05"]
[Round "4"]
[White "Hofmann, Rares"]
[Black "Wiesner, Paula"]
[Result "1-0"]
[Termination "normal"]
[Board "3.4"]
[WhiteElo "2022"]
[BlackElo "2103"]
[WhiteClock "00:34:18"]
[BlackClock "00:37:30"]
[WhiteTeam "Sachsen"]
[BlackTeam "Baden 1"]
[PlyCount "45"]
[WhiteFideId "12976440"]
[BlackFideId "24654019"]
[EventCountry "GER"]
[EventRounds "7"]
[EventType "team-swiss"]
[EventDate "2015.10.02"]

1. e4 e6 2. d4 d5 3. Nd2 Be7 4. c3 c5 5. Bd3 Nc6 6. e5 Nh6 7. Ndf3 Nf5 8. Ne2
O-O 9. h4 g6 10. h5 f6 11. hxg6 hxg6 12. g4 fxe5 13. gxf5 e4 14. Qd2 g5 15.
Nxg5 Bxg5 16. Rg1 exd3 17. Rxg5+ Kf7 18. fxe6+ Bxe6 19. Qxd3 Rg8 20. Qh7+ Kf6
21. Rh5 Rg6 22. Bg5+ Rxg5 23. Rh6+ 1-0

[Event "Deutsche Ländermeisterschaft 2015"]
[Site "Hannover GER"]
[Date "2015.10.05"]
[Round "4"]
[White "Hund, Sarah"]
[Black "Moses, Selina"]
[Result "1-0"]
[Termination "normal"]
[Board "3.5"]
[WhiteElo "1916"]
[BlackElo "1926"]
[WhiteClock "00:14:25"]
[BlackClock "00:10:39"]
[WhiteTeam "Baden 1"]
[BlackTeam "Sachsen"]
[PlyCount "49"]
[WhiteFideId "12923338"]
[BlackFideId "12908070"]
[EventCountry "GER"]
[EventRounds "7"]
[EventType "team-swiss"]
[EventDate "2015.10.02"]

1. e4 c5 2. Nc3 Nc6 3. f4 e6 4. Nf3 Nge7 5. d4 d5 6. dxc5 Qa5 7. Bd2 Qxc5 8.
Bd3 a6 9. a3 g6 10. b4 Qd6 11. O-O Bg7 12. Rb1 O-O 13. Ne2 dxe4 14. Bxe4 Nf5
15. Rb3 Qc7 16. Qe1 Rd8 17. Kh1 Nce7 18. Bc3 Ne3 19. Bxg7 Rd1 20. Qxd1 Nxd1 21.
Be5 Qb6 22. Rxd1 f5 23. Rd6 Qf2 24. Rd8+ Kf7 25. Ng5# 1-0

[Event "Deutsche Ländermeisterschaft 2015"]
[Site "Hannover GER"]
[Date "2015.10.05"]
[Round "4"]
[White "Simon, Tessa"]
[Black "Mütsch, Annmarie"]
[Result "1/2-1/2"]
[Termination "normal"]
[Board "3.6"]
[WhiteElo "1838"]
[BlackElo "1974"]
[WhiteClock "00:33:29"]
[BlackClock "00:24:51"]
[WhiteTeam "Sachsen"]
[BlackTeam "Baden 1"]
[PlyCount "103"]
[WhiteFideId "12929395"]
[BlackFideId "12971367"]
[EventCountry "GER"]
[EventRounds "7"]
[EventType "team-swiss"]
[EventDate "2015.10.02"]

1. e4 e5 2. Nf3 Nc6 3. Bc4 Bc5 4. O-O Nf6 5. d4 Bxd4 6. Nxd4 Nxd4 7. f4 d6 8.
fxe5 dxe5 9. Na3 Be6 10. Bg5 Qe7 11. Bxf6 gxf6 12. Bxe6 Nxe6 13. Qf3 Nf4 14. g3
Nh3+ 15. Kg2 Ng5 16. Qb3 O-O-O 17. Qe3 Kb8 18. Nb5 b6 19. a4 Qb4 20. Nc3 Qd4
21. Qxd4 exd4 22. Nd5 Nxe4 23. Nxf6 Nxf6 24. Rxf6 d3 25. cxd3 Rxd3 26. Rxf7
Rd2+ 27. Rf2 Rhd8 28. Re1 R8d4 29. b3 h5 30. Rxd2 Rxd2+ 31. Kh3 Rd5 32. Kh4 Rd2
33. Kxh5 Rxh2+ 34. Kg5 Kc8 35. g4 Rh3 36. Rb1 c5 37. Kf6 Rf3+ 38. Kg6 Kd7 39.
g5 a6 40. Kg7 Ke6 41. g6 b5 42. axb5 axb5 43. Kg8 Kd5 44. g7 c4 45. bxc4+ bxc4
46. Rh1 Rg3 47. Kh7 Kd4 48. g8=Q Rxg8 49. Kxg8 c3 50. Rh7 Kd3 51. Rd7+ Ke2 52.
Re7+ 1/2-1/2

[Event "Deutsche Ländermeisterschaft 2015"]
[Site "Hannover GER"]
[Date "2015.10.05"]
[Round "4"]
[White "Wu, Leon"]
[Black "Nguyen, Alex Dac-Vuong"]
[Result "0-1"]
[Termination "normal"]
[Board "3.7"]
[WhiteElo "1689"]
[BlackElo "1824"]
[WhiteClock "01:06:08"]
[BlackClock "01:28:29"]
[WhiteTeam "Baden 1"]
[BlackTeam "Sachsen"]
[PlyCount "94"]
[WhiteFideId "12977438"]
[BlackFideId "12984388"]
[EventCountry "GER"]
[EventRounds "7"]
[EventType "team-swiss"]
[EventDate "2015.10.02"]

1. e4 e6 2. d4 d5 3. Nc3 Nf6 4. e5 Nfd7 5. f4 c5 6. Nf3 Nc6 7. Be3 Be7 8. Qd2
O-O 9. O-O-O c4 10. h4 b5 11. h5 Qa5 12. g4 b4 13. Nb1 Qxa2 14. c3 Na5 15. Kc2
Qa4+ 16. Kc1 Nb3+ 17. Kc2 Nxd4+ 18. Kc1 Nb3+ 19. Kc2 Nxd2+ 20. Kxd2 bxc3+ 21.
Nxc3 Qb3 22. Rb1 Bb4 23. Bd4 Bxc3+ 24. Bxc3 Nc5 25. Ke3 Qc2 26. Be2 Qe4+ 27.
Kf2 Qxf4 28. Rhg1 Ne4+ 29. Ke1 Nxc3 30. bxc3 Qe3 31. g5 Bd7 32. Kd1 Ba4+ 33.
Ke1 Rab8 34. Ra1 Rb2 35. Rg2 Rfb8 36. Kf1 Rb1+ 37. Rxb1 Rxb1+ 38. Ne1 Qd2 39.
Kf2 Rxe1 40. Kf3 Rxe2 41. Rxe2 Bd1 42. Kg3 Qxe2 43. g6 Qe3+ 44. Kg2 Bf3+ 45.
Kg3 Be4+ 46. Kh2 Qf2+ 47. Kh3 Bf5# 0-1

[Event "Deutsche Ländermeisterschaft 2015"]
[Site "Hannover GER"]
[Date "2015.10.05"]
[Round "4"]
[White "Nguyen, Phuong Thao Vivien"]
[Black "Basovskiy, Jana"]
[Result "1-0"]
[Termination "normal"]
[Board "3.8"]
[WhiteElo "1205"]
[BlackElo "1285"]
[WhiteClock "00:53:39"]
[BlackClock "00:29:17"]
[WhiteTeam "Sachsen"]
[BlackTeam "Baden 1"]
[PlyCount "81"]
[WhiteFideId "16210735"]
[BlackFideId "16208617"]
[EventCountry "GER"]
[EventRounds "7"]
[EventType "team-swiss"]
[EventDate "2015.10.02"]

1. e4 d6 2. Nf3 Nd7 3. Bc4 h6 4. O-O e5 5. d4 c6 6. dxe5 dxe5 7. Nc3 Be7 8. Be3
Ngf6 9. Qe2 O-O 10. Rad1 Qc7 11. h3 a5 12. a4 Nc5 13. Bxc5 Bxc5 14. Rfe1 Bd7
15. Rd2 Rae8 16. Nd1 Rd8 17. c3 Bc8 18. Bd3 Be6 19. Ne3 Bb3 20. Nc4 Rfe8 21.
Ra1 Bxc4 22. Bxc4 Rxd2 23. Nxd2 Rd8 24. Nf3 Nh5 25. g3 Nxg3 26. Qc2 Qe7 27. b4
axb4 28. cxb4 Ba7 29. Rb1 Qf6 30. Kg2 Nh5 31. Rg1 Nf4+ 32. Kh2 Nxh3 33. Kxh3
Qxf3+ 34. Rg3 Qxf2 35. Qxf2 Bxf2 36. Rf3 Be1 37. Rxf7 Rd4 38. Be6 Kh7 39. Bf5+
Kg8 40. Be6 Rd3+ 41. Rf3+ 1-0

[Event "Deutsche Ländermeisterschaft 2015"]
[Site "Hannover GER"]
[Date "2015.10.05"]
[Round "4"]
[White "Kyas, Philipp"]
[Black "Sieber, Fiona"]
[Result "0-1"]
[Termination "normal"]
[Board "4.2"]
[BlackTitle "WFM"]
[WhiteElo "2076"]
[BlackElo "2167"]
[WhiteClock "00:00:32"]
[BlackClock "00:03:57"]
[WhiteTeam "Niedersachsen 1"]
[BlackTeam "Sachsen-Anhalt"]
[PlyCount "74"]
[WhiteFideId "24670936"]
[BlackFideId "12902373"]
[EventCountry "GER"]
[EventRounds "7"]
[EventType "team-swiss"]
[EventDate "2015.10.02"]

1. d4 Nf6 2. c4 g6 3. Nc3 d5 4. cxd5 Nxd5 5. Na4 Bg7 6. e4 Nb6 7. Be3 O-O 8.
Nxb6 axb6 9. Bc4 c5 10. Ne2 b5 11. Bb3 c4 12. Bc2 Nc6 13. O-O f5 14. e5 Be6 15.
a3 Qd7 16. b4 Rad8 17. f4 Bd5 18. Qe1 Rb8 19. Qf2 e6 20. Nc3 Ne7 21. Bd1 Rfd8
22. Bf3 Ra8 23. Rfc1 Bf8 24. Bxd5 Nxd5 25. Bd2 Be7 26. Qf3 Nxb4 27. Nxb5 Qxb5
28. Rab1 Ra4 29. axb4 Rxd4 30. Bc3 Rd3 31. Qe2 Bxb4 32. Kh1 Rxc3 33. Rd1 Rd3
34. Qc2 Raa3 35. h3 Qd5 36. Rxd3 Rxd3 37. Qb2 Rxh3+ 0-1

[Event "Deutsche Ländermeisterschaft 2015"]
[Site "Hannover GER"]
[Date "2015.10.05"]
[Round "4"]
[White "Kitze, Alexander"]
[Black "Diederichs, Luise"]
[Result "1-0"]
[Termination "normal"]
[Board "4.3"]
[WhiteElo "2172"]
[BlackElo "1974"]
[WhiteClock "00:06:07"]
[BlackClock "00:24:58"]
[WhiteTeam "Sachsen-Anhalt"]
[BlackTeam "Niedersachsen 1"]
[PlyCount "51"]
[WhiteFideId "12914827"]
[BlackFideId "24661597"]
[EventCountry "GER"]
[EventRounds "7"]
[EventType "team-swiss"]
[EventDate "2015.10.02"]

1. e4 c5 2. Nf3 d6 3. d4 cxd4 4. Nxd4 Nf6 5. Nc3 a6 6. Be3 e5 7. Nb3 Be6 8. Qd2
Be7 9. f3 O-O 10. O-O-O a5 11. Bb5 Na6 12. Qe2 Qb8 13. g4 Nc7 14. Ba4 d5 15. g5
Nxe4 16. fxe4 d4 17. Nxd4 exd4 18. Bxd4 Qc8 19. Rhg1 Na6 20. Nd5 Bxd5 21. exd5
Bd6 22. Kb1 Nc5 23. Bb5 Qc7 24. Rg4 Qe7 25. Qf3 Nd7 26. Bf6 1-0

[Event "Deutsche Ländermeisterschaft 2015"]
[Site "Hannover GER"]
[Date "2015.10.05"]
[Round "4"]
[White "Ewert, Hannes"]
[Black "Roseneck, Jonas"]
[Result "1/2-1/2"]
[Termination "normal"]
[Board "4.4"]
[WhiteElo "2107"]
[BlackElo "2074"]
[WhiteClock "00:33:32"]
[BlackClock "00:16:06"]
[WhiteTeam "Niedersachsen 1"]
[BlackTeam "Sachsen-Anhalt"]
[PlyCount "94"]
[WhiteFideId "12961574"]
[BlackFideId "12939870"]
[EventCountry "GER"]
[EventRounds "7"]
[EventType "team-swiss"]
[EventDate "2015.10.02"]

1. e4 c5 2. Nf3 d6 3. d4 cxd4 4. Nxd4 Nf6 5. Nc3 a6 6. Be3 e5 7. Nb3 Be6 8. f3
Be7 9. Qd2 O-O 10. O-O-O a5 11. Bb5 Na6 12. Qe2 Qb8 13. g4 Nc7 14. Ba4 Rc8 15.
g5 Nh5 16. Kb1 b5 17. Bxb5 Nxb5 18. Qxb5 Rxc3 19. Qxb8+ Rxb8 20. bxc3 a4 21.
Kb2 f5 22. exf5 Bxf5 23. Rd5 Kf7 24. Ra5 axb3 25. cxb3 g6 26. a4 Ng7 27. b4 Bd3
28. b5 Nf5 29. Ba7 Rb7 30. h4 Ke6 31. Bf2 Be2 32. Rh3 d5 33. Ra6+ Nd6 34. Bc5
Kd7 35. Bb4 Nc4+ 36. Kb3 Bxf3 37. Bxe7 Kxe7 38. Kb4 e4 39. Kc5 e3 40. Rxf3 e2
41. Raf6 e1=Q 42. Rf7+ Ke6 43. R3f6+ Ke5 44. Rxb7 Qg1+ 45. Kb4 Qb1+ 46. Kc5
Qg1+ 47. Kb4 Qb1+ 1/2-1/2

[Event "Deutsche Ländermeisterschaft 2015"]
[Site "Hannover GER"]
[Date "2015.10.05"]
[Round "4"]
[White "Stein, Robert"]
[Black "Polster, Christian"]
[Result "1/2-1/2"]
[Termination "normal"]
[Board "4.5"]
[WhiteElo "2050"]
[BlackElo "2057"]
[WhiteClock "00:03:31"]
[BlackClock "00:02:37"]
[WhiteTeam "Sachsen-Anhalt"]
[BlackTeam "Niedersachsen 1"]
[PlyCount "76"]
[WhiteFideId "12921084"]
[BlackFideId "12965081"]
[EventCountry "GER"]
[EventRounds "7"]
[EventType "team-swiss"]
[EventDate "2015.10.02"]

1. e4 c5 2. Nf3 d6 3. d4 cxd4 4. Nxd4 Nf6 5. Nc3 a6 6. Be3 e5 7. Nf3 Qc7 8. a4
Be7 9. Be2 Nbd7 10. O-O O-O 11. Bg5 b6 12. Nh4 g6 13. Nf3 Bb7 14. Nd2 Rfe8 15.
Bc4 Nh5 16. Bxe7 Rxe7 17. Bd5 Ndf6 18. Bxb7 Qxb7 19. Qf3 Rc8 20. Nb3 d5 21.
exd5 e4 22. Qe3 Nxd5 23. Nxd5 Qxd5 24. Rfd1 Qe5 25. Nd4 Nf4 26. g3 Nd5 27. Qe2
e3 28. f4 Qe4 29. c3 Rxc3 30. bxc3 Nxc3 31. Qb2 Nxd1 32. Rxd1 Rd7 33. Qa1 e2
34. Nxe2 Qe3+ 35. Kh1 Qf3+ 36. Kg1 Qe3+ 37. Kh1 Qf3+ 38. Kg1 Qe3+ 1/2-1/2

[Event "Deutsche Ländermeisterschaft 2015"]
[Site "Hannover GER"]
[Date "2015.10.05"]
[Round "4"]
[White "Schulze, Lara"]
[Black "Biastoch, Bennet"]
[Result "0-1"]
[Termination "normal"]
[Board "4.6"]
[WhiteElo "1927"]
[BlackElo "2006"]
[WhiteClock "00:18:07"]
[BlackClock "00:21:47"]
[WhiteTeam "Niedersachsen 1"]
[BlackTeam "Sachsen-Anhalt"]
[PlyCount "83"]
[WhiteFideId "12956830"]
[BlackFideId "12939889"]
[EventCountry "GER"]
[EventRounds "7"]
[EventType "team-swiss"]
[EventDate "2015.10.02"]

1. e4 c5 2. Nf3 Nc6 3. d4 cxd4 4. Nxd4 e5 5. Nb5 d6 6. N1c3 a6 7. Na3 b5 8. Nd5
Nge7 9. c4 Nxd5 10. exd5 Nd4 11. cxb5 g6 12. bxa6 Bg7 13. Bd2 O-O 14. Bc4 Bxa6
15. O-O Qb6 16. Bc3 Rfc8 17. Bxa6 Qxa6 18. Re1 Qb7 19. Qd3 Qxd5 20. Nc2 Qb5 21.
Qd2 Nxc2 22. Qxc2 d5 23. Qb3 Qxb3 24. axb3 d4 25. Bd2 Rxa1 26. Rxa1 h5 27. Rc1
Ra8 28. f3 Ra2 29. Rb1 f5 30. Kf2 e4 31. fxe4 fxe4 32. Bb4 Ra7 33. Bc5 Rf7+ 34.
Ke2 e3 35. Kd3 Rf2 36. Rd1 Rxb2 37. Kc4 Rc2+ 38. Kd5 Rxc5+ 39. Kxc5 e2 40. Ra1
d3 41. Ra8+ Bf8+ 42. Kd4 0-1

[Event "Deutsche Ländermeisterschaft 2015"]
[Site "Hannover GER"]
[Date "2015.10.05"]
[Round "4"]
[White "Brunner, Sophia"]
[Black "Stowicek, Yara Mathilda"]
[Result "1-0"]
[Termination "normal"]
[Board "4.8"]
[WhiteElo "1546"]
[BlackElo "1485"]
[WhiteClock "01:04:45"]
[BlackClock "00:55:41"]
[WhiteTeam "Niedersachsen 1"]
[BlackTeam "Sachsen-Anhalt"]
[PlyCount "109"]
[WhiteFideId "12960683"]
[BlackFideId "16203569"]
[EventCountry "GER"]
[EventRounds "7"]
[EventType "team-swiss"]
[EventDate "2015.10.02"]

1. e4 e5 2. Nf3 Nc6 3. d4 exd4 4. Nxd4 Qh4 5. Nxc6 Qxe4+ 6. Be2 Qxc6 7. Bf3
Qe6+ 8. Be3 Nf6 9. O-O Bb4 10. c3 Be7 11. Bc5 d6 12. Re1 Qd7 13. Bd4 O-O 14.
Qd2 c6 15. Qg5 Re8 16. Nd2 Qf5 17. Bxf6 Qxg5 18. Bxg5 Be6 19. Bxe7 Rxe7 20. Bg4
Rae8 21. Bxe6 fxe6 22. Re2 e5 23. Rae1 Kf7 24. Nc4 Re6 25. f4 exf4 26. Nxd6+
Rxd6 27. Rxe8 Rd7 28. Kf2 g5 29. Kf3 h5 30. R8e5 Kf6 31. g3 fxg3 32. Kxg3 Rd3+
33. R1e3 Rxe3+ 34. Rxe3 a6 35. a4 b5 36. axb5 axb5 37. b3 c5 38. c4 bxc4 39.
bxc4 Kf5 40. Rd3 h4+ 41. Kh3 Kf4 42. Rd5 Kf3 43. Rxg5 Kf4 44. Rxc5 Ke3 45. Rh5
Ke2 46. c5 Kd2 47. c6 Kd3 48. c7 Ke3 49. c8=Q Kd4 50. Rh7 Kd5 51. Rd7+ Ke6 52.
Qe8+ Kf6 53. Rf7+ Kg6 54. Qg8+ Kh6 55. Rh7# 1-0

[Event "Deutsche Ländermeisterschaft 2015"]
[Site "Hannover GER"]
[Date "2015.10.05"]
[Round "4"]
[White "Uksini, Bardhyl"]
[Black "Baskin, Robert"]
[Result "1/2-1/2"]
[Termination "normal"]
[Board "5.1"]
[BlackTitle "FM"]
[WhiteElo "2307"]
[BlackElo "2329"]
[WhiteClock "00:14:13"]
[BlackClock "01:24:24"]
[WhiteTeam "Hamburg"]
[BlackTeam "Hessen"]
[PlyCount "53"]
[WhiteFideId "1628313"]
[BlackFideId "24662402"]
[EventCountry "GER"]
[EventRounds "7"]
[EventType "team-swiss"]
[EventDate "2015.10.02"]

1. d4 d5 2. c4 c6 3. Nf3 Nf6 4. Nc3 e6 5. Bg5 dxc4 6. e4 b5 7. e5 h6 8. Bh4 g5
9. Nxg5 hxg5 10. Bxg5 Nbd7 11. g3 Bb7 12. Bg2 Qb6 13. exf6 O-O-O 14. O-O c5 15.
d5 b4 16. Rb1 Qa6 17. dxe6 Bxg2 18. e7 Bxf1 19. Qd5 Bxe7 20. fxe7 Bd3 21.
exd8=Q+ Rxd8 22. Ne4 Bxb1 23. Nd6+ Kc7 24. Bf4 Kb6 25. Nxc4+ Kb5 26. Nd6+ Kb6
27. Nc4+ 1/2-1/2

[Event "Deutsche Ländermeisterschaft 2015"]
[Site "Hannover GER"]
[Date "2015.10.05"]
[Round "4"]
[White "Keller, Peter"]
[Black "Kramer, Julian"]
[Result "0-1"]
[Termination "normal"]
[Board "5.2"]
[WhiteTitle "FM"]
[BlackTitle "FM"]
[WhiteElo "2311"]
[BlackElo "2323"]
[WhiteClock "01:29:33"]
[BlackClock "01:16:18"]
[WhiteTeam "Hessen"]
[BlackTeam "Hamburg"]
[PlyCount "24"]
[WhiteFideId "1272105"]
[BlackFideId "12921742"]
[EventCountry "GER"]
[EventRounds "7"]
[EventType "team-swiss"]
[EventDate "2015.10.02"]

1. e4 c5 2. Nf3 d6 3. d4 cxd4 4. Nxd4 Nf6 5. Nc3 a6 6. h3 e6 7. g4 Be7 8. g5
Nfd7 9. h4 Nc6 10. Be3 Nxd4 11. Qxd4 Ne5 12. f4 Nf3+ 0-1

[Event "Deutsche Ländermeisterschaft 2015"]
[Site "Hannover GER"]
[Date "2015.10.05"]
[Round "4"]
[White "Pfreundt, Jakob"]
[Black "Spitzl, Vinzent"]
[Result "1/2-1/2"]
[Termination "normal"]
[Board "5.3"]
[WhiteElo "2274"]
[BlackElo "2130"]
[WhiteClock "00:17:24"]
[BlackClock "00:10:35"]
[WhiteTeam "Hamburg"]
[BlackTeam "Hessen"]
[PlyCount "72"]
[WhiteFideId "12918156"]
[BlackFideId "12901253"]
[EventCountry "GER"]
[EventRounds "7"]
[EventType "team-swiss"]
[EventDate "2015.10.02"]

1. e4 c5 2. Nf3 d6 3. d4 cxd4 4. Nxd4 Nf6 5. Nc3 a6 6. Be2 e5 7. Nb3 Be7 8. O-O
O-O 9. a4 Be6 10. Bf3 Nbd7 11. Re1 Rc8 12. Nd2 Qc7 13. Nf1 Rfe8 14. Ne3 Nc5 15.
Re2 Qc6 16. Ned5 Bxd5 17. exd5 Qc7 18. g3 Bf8 19. Bg5 Ncd7 20. a5 g6 21. Qc1
Bg7 22. Bh6 Bh8 23. Ra4 Qb8 24. h4 Nc5 25. Ra3 Rc7 26. Bg5 Qc8 27. h5 e4 28.
Bxf6 Bxf6 29. Nxe4 Nxe4 30. Rxe4 Rxe4 31. Bxe4 Qe8 32. Bf3 Qe5 33. Re3 Bg5 34.
Rxe5 Bxc1 35. Re8+ Kg7 36. hxg6 hxg6 1/2-1/2

[Event "Deutsche Ländermeisterschaft 2015"]
[Site "Hannover GER"]
[Date "2015.10.05"]
[Round "4"]
[White "Weber, Samuel"]
[Black "Engel, Luis"]
[Result "1-0"]
[Termination "normal"]
[Board "5.4"]
[WhiteElo "1936"]
[BlackElo "2166"]
[WhiteClock "00:23:07"]
[BlackClock "00:12:42"]
[WhiteTeam "Hessen"]
[BlackTeam "Hamburg"]
[PlyCount "53"]
[WhiteFideId "12924008"]
[BlackFideId "12961523"]
[EventCountry "GER"]
[EventRounds "7"]
[EventType "team-swiss"]
[EventDate "2015.10.02"]

1. e4 c5 2. d4 cxd4 3. c3 Nf6 4. e5 Nd5 5. Nf3 Nc6 6. Bb5 e6 7. Bxc6 bxc6 8.
Qxd4 Be7 9. Qg4 g6 10. Bh6 Ba6 11. Nbd2 Qb6 12. c4 f5 13. Qh3 Qxb2 14. Rb1 Qc2
15. O-O Nb6 16. Bg7 Rg8 17. Qxh7 O-O-O 18. Rfc1 Qa4 19. Bf6 Bxf6 20. exf6 Qa3
21. f7 Rh8 22. Qg7 Qe7 23. c5 Nd5 24. Qe5 d6 25. cxd6 Qxd6 26. Rxc6+ Qxc6 27.
Qb8+ 1-0

[Event "Deutsche Ländermeisterschaft 2015"]
[Site "Hannover GER"]
[Date "2015.10.05"]
[Round "4"]
[White "Rogozenco, Teodora"]
[Black "Stork, Oliver"]
[Result "1-0"]
[Termination "normal"]
[Board "5.5"]
[WhiteElo "2110"]
[BlackElo "1977"]
[WhiteClock "00:25:30"]
[BlackClock "00:00:58"]
[WhiteTeam "Hamburg"]
[BlackTeam "Hessen"]
[PlyCount "53"]
[WhiteFideId "12938084"]
[BlackFideId "12955728"]
[EventCountry "GER"]
[EventRounds "7"]
[EventType "team-swiss"]
[EventDate "2015.10.02"]

1. d4 d5 2. c4 e6 3. Nc3 Nf6 4. cxd5 exd5 5. Bg5 Be7 6. Qc2 c6 7. e3 Nbd7 8.
Bd3 O-O 9. Nf3 Re8 10. O-O Nf8 11. h3 Be6 12. Bf4 Bd6 13. Ne5 Rc8 14. Bh2 c5
15. f4 Qb6 16. Qf2 cxd4 17. exd4 Bb4 18. f5 Bd7 19. Rac1 Bc6 20. g4 Ne4 21.
Nxe4 dxe4 22. Bc4 Re7 23. f6 gxf6 24. Nxf7 Re6 25. Bxe6 Nxe6 26. Nh6+ Kh8 27.
Qxf6+ 1-0

[Event "Deutsche Ländermeisterschaft 2015"]
[Site "Hannover GER"]
[Date "2015.10.05"]
[Round "4"]
[White "Christiansen, Anna"]
[Black "Reinecke, Katharina"]
[Result "1/2-1/2"]
[Termination "normal"]
[Board "5.7"]
[WhiteElo "1467"]
[BlackElo "1765"]
[WhiteClock "00:56:04"]
[BlackClock "00:20:38"]
[WhiteTeam "Hamburg"]
[BlackTeam "Hessen"]
[PlyCount "64"]
[WhiteFideId "12952230"]
[BlackFideId "12929727"]
[EventCountry "GER"]
[EventRounds "7"]
[EventType "team-swiss"]
[EventDate "2015.10.02"]

1. e4 c6 2. d4 d5 3. Nc3 dxe4 4. Nxe4 Bf5 5. Ng3 Bg6 6. h4 h6 7. Nf3 Nd7 8. h5
Bh7 9. Bd3 Bxd3 10. Qxd3 e6 11. Bd2 Ngf6 12. O-O-O Be7 13. Ne4 Nxe4 14. Qxe4
Nf6 15. Qe2 Qd5 16. c4 Qe4 17. Qxe4 Nxe4 18. Be3 f5 19. Kc2 f4 20. Kd3 Nc5+ 21.
dxc5 fxe3 22. fxe3 Rd8+ 23. Ke2 Bxc5 24. Rxd8+ Kxd8 25. Rd1+ Kc7 26. Nd4 Bxd4
27. exd4 Kd6 28. Rf1 Ke7 29. Ke3 Rd8 30. Rf2 Rd7 31. Ke4 Kd6 32. b4 a6 1/2-1/2

[Event "Deutsche Ländermeisterschaft 2015"]
[Site "Hannover GER"]
[Date "2015.10.05"]
[Round "4"]
[White "Ruppert, Paula"]
[Black "Kieckbusch, Lotta"]
[Result "1-0"]
[Termination "normal"]
[Board "5.8"]
[WhiteElo "1427"]
[BlackElo "993"]
[WhiteClock "01:04:31"]
[BlackClock "00:12:22"]
[WhiteTeam "Hessen"]
[BlackTeam "Hamburg"]
[PlyCount "125"]
[WhiteFideId "12979996"]
[BlackFideId "16214390"]
[EventCountry "GER"]
[EventRounds "7"]
[EventType "team-swiss"]
[EventDate "2015.10.02"]

1. e4 c5 2. Nf3 Nf6 3. Nc3 d5 4. d3 d4 5. Ne2 Nc6 6. Bf4 e6 7. g3 Be7 8. Bg2
O-O 9. O-O b6 10. c3 Bb7 11. Ne5 Nxe5 12. Bxe5 dxc3 13. Bxc3 Qd7 14. Qc2 Rad8
15. Rad1 Qc6 16. f3 c4 17. d4 Qb5 18. a3 Qa6 19. Nf4 b5 20. Nh3 h6 21. f4 Ng4
22. Rfe1 Nf6 23. e5 Nd7 24. Rf1 f6 25. Bxb7 Qxb7 26. Rf2 fxe5 27. fxe5 a6 28.
Nf4 Qc6 29. Ng6 Rf7 30. Rdf1 Rxf2 31. Nxe7+ Kh8 32. Nxc6 Rxc2 33. Nxd8 Kg8 34.
Nxe6 Re2 35. Rf2 Re3 36. Kg2 Re4 37. Nc7 Nf8 38. Nxa6 Rg4 39. Bb4 Ne6 40. d5
Nd4 41. Bc3 Kh7 42. h3 Re4 43. Nc5 Rxe5 44. Bxd4 Rxd5 45. Be3 Re5 46. Kf3 Rh5
47. h4 Rf5+ 48. Ke2 Re5 49. Rf7 Re8 50. Kd2 Rd8+ 51. Kc3 Re8 52. Bd4 Rg8 53.
Ne6 Re8 54. Rxg7+ Kh8 55. Re7+ Kg8 56. Rxe8+ Kf7 57. Nc7 Kg6 58. Rf8 h5 59. Kd2
Kh6 60. Ke3 Kg6 61. Ke4 Kh6 62. Kf5 Kh7 63. Rh8# 1-0